Les 20 pays avec la plus grande population musulmane - Statistiques

Statistiques générales
  • Ce quiz a été pris 169 fois
  • Le résultat moyen est 14 sur 20
Statistiques - réponses
% Pays % Correct
99,0 Algérie
99%
99,0 Maroc
99%
97,8 Tunisie
93%
99,8 Arabie saoudite
92%
96,5 Irak
87%
99,4 Iran
87%
99,7 Afghanistan
77%
97,0 Libye
77%
97,2 Sénégal
72%
97,2 Yémen
72%
99,9 Mauritanie
71%
96,5 Pakistan
70%
97,2 Jordanie
68%
98,3 Niger
64%
99,8 Somalie
62%
98,3 Comores
51%
97,0 Djibouti
46%
98,4 Maldives
45%
97,3 Azerbaïdjan
44%
97,9 Tadjikistan
42%
Aucun quiz correspondant
Distribution des résultats
% des personnes avec chaque résultat
Percentile par nombre de réponses
Votre historique - résultats
Vous n’avez pas pris ce quiz